| 000 | 01402cam a22002415a 4500 | ||
|---|---|---|---|
| 001 | E143423 | ||
| 008 | 080507s2008 xxk f 000 0 eng d | ||
| 020 | _a9781904829775 | ||
| 035 | _a(Sirsi) u143423 | ||
| 041 | 0 | _aeng | |
| 050 | 0 | 4 | _a692.5 $2 18 |
| 110 | 2 |
_aBuilding Cost Information Service _91096 |
|
| 245 | 0 | 0 |
_aStandard form of cost analysis _bprinciples, instructions and definitions |
| 250 | _a3rd ed. | ||
| 260 |
_aLondon _bBCIS _c2008 |
||
| 300 |
_a82p. _c30cm. |
||
| 520 | _aThis publication describes the rules for preparing an elemental cost analysis in standard BCIS format. It sets out: the principles of analysis; instructions on the information required to complete a costs analysis; general definitions; definitions of the elements and sub-elements and element unit quantities. | ||
| 520 | _aContains example analysis forms; describes the BCIS elemental XML schema and the BCIS analysis writer programme. More detailed analysis relates costs of specific forms of construction with the element shown by 'all-in' unit rates. Supporting information on contract, design/shape and market factors is defined so that the costs analysed can be fully understood. The aim has been to produce standardisation of cost analyses and a single format for presentation. | ||
| 590 | _aKA | ||
| 651 | 4 |
_aEngland and Wales _y1543- |
|
| 690 | _aBUILT ENVIRONMENT-BUILDING COSTS | ||
| 942 | _n0 | ||
| 999 |
_c108156 _d108156 |
||